000 00637nam a2200241Ia 4500
003 OSt
005 20221005115200.0
006 a|||||r|||| 00| 0
007 ta
008 221004b |||||||| |||| 00| 0 eng d
024 _a51870
037 _cTextual
040 _aCRL
_cCRL
_beng
041 _2eng
_aeng
082 _aQ41:22, 111J5-;1
100 _aDavids T W Rhys Tr.
245 0 _aBuddhist suttas
260 _c1955
490 _a(Sacred Books of the East series ed by F Max Muller;11).
650 _aRELIGION
942 _hQ41:22, 111J5-;1
_cTEXL
_2cc
999 _c1033667
_d1033667